Регионална библиотека "Любен Каравелов" - Русе

Учебна дейност (Запис номер 183988)

MARC детайли
000 -Лидер
Контролно поле с фиксирана дължина 01157nam a2200337 c 4500
003 - Код на организацията, давaща контролен номер
Контролно поле BLK
005 - Дата и час на последна редакция
Контролно поле 20180421000234.0
008 - Елементи от данни с фиксирана дължина
fixed length control field 180411b bul|||||r ||||||| ||bul||
010 ## - Наследен системен номер
LC control number KNG00192937000
040 ## - Източник на каталожния запис
Идентификатор на билиотеката - собственик на записа BLK
041 ## - Код за език
Код за езика на текст/звукозапис или на отделно заглавие Български
Код за езика КДБФ Български
080 ## - УДК
Текстов определител УДК Общи въпроси на дидактиката и методиката
УДК код - определител по УДК 37.02
УДК определител
УДК - код + определител 37.02
100 1# - Редна дума - Автор
Автор Денев, Дечо Жечев
Авторска отговорност първи автор
R(LIN) 246002
139 ## - Редно поле
Редна дума Денев, Дечо Жечев
Авторски знак Дене - Д 42
245 10 - Сведения за заглавието
Заглавие Учебна дейност
Подзаглавни данни [Изследване]
Редно поле (дума) Дечо Жечев Денев.
257 ## - Страна на издаване
Страна на създаване/издаване България
260 ## - Област на издателските данни
-- София
Име на издателя, разпространителя и проч. Нар. просв.
Година на издаване 1986
Печатница Хасково : Ат. Стратиев
300 ## - Физическа характеристика
Страници 208 с.
Размери/Мащаб 21 см
380 ## - Жанр
Жанр Обществени науки
500 ## - Общи забележки
Забележка Библиогр. с. 203-205. - 3 401 тир.
650 #4 - Допълнително описание по предмет – тема
Основно описание – тема или топоним Дидактика
9 (RLIN) 153380
650 #4 - Допълнително описание по предмет – тема
Основно описание – тема или топоним Обучение
9 (RLIN) 164588
653 ## - Ключова дума – ненормативна
Ключова дума дидактика
653 ## - Ключова дума – ненормативна
Ключова дума обучение
653 ## - Ключова дума – ненормативна
Ключова дума изследвания
852 ## - Местоположение
Форматна сигнатура Цб 144603
856 4# - Електронен адрес и достъп
Електронен формат pdf - файл
Път до файла /url/
856 4# - Електронен адрес и достъп
Електронен формат pdf - файл
Път до файла /url/
942 ## - АРТИКУЛИ
Вид на библиотечния материал Книги
Скрит в OPAC Не
944 ## - СЪЗДАВАНЕ И РЕДАКЦИЯ на ЗАПИСА
Създаване/Редакция Създаване
Дата на регистрацията/редакция 13.10.2016
Служител, извършил регистрацията/редакцията Елица_Владова
944 ## - СЪЗДАВАНЕ И РЕДАКЦИЯ на ЗАПИСА
Създаване/Редакция Редакция
Дата на регистрацията/редакция 13.10.2016
Служител, извършил регистрацията/редакцията Елица_Владова
999 ## - СИСТЕМНИ КОНТРОЛНИ НОМЕРА
Koha biblionumber 183988
Koha biblioitemnumber 183988
Наличности
Код за отписване Код за изгубен артикул Източник на класификационната схема Код за повреда Коз за рестрикции Код за отдаване Артикулен № Име на библиотеката - собственик Име на библиотеката, в която се намира в момента Статус (Текущо местоположение) Дата на вписване в системата Местоположение - отдел Цена в лева Инвентарен номер Систематично азбучна сигнатура Баркод Номер на екземпляра Цена в евро Служебна бележка Служебен тип на артикула
  Не е изгубен Universal Decimal Classification Не е повреден без рестрикции ползва се в читалня 317601 Регионална библиотека "Любен Каравелов" Русе Регионална библиотека "Любен Каравелов" Русе Хранилище 1986-01-01 Хранилище 1.89 458884 Цб 144603 120000458884 1 0.97 N: стар фонд Дата: 01.01.1986 Книги
Изтеглен Не е изгубен Universal Decimal Classification Не е повреден без рестрикции заемане за дома 317602 Регионална библиотека "Любен Каравелов" Русе Регионална библиотека "Любен Каравелов" Русе Заемна - подръчен фонд 1986-01-01 Заемна - подръчен фонд 1.89 494593 П 37.02/Д 42 494593 2 0.97 N: стар фонд Дата: 01.01.1986 Дата инв: 08.02.2018 Бележки инв: П2018 Книги
Vip Innovations Ltd, Rousse, Bulgaria 2025